| Tag |
First Indicator |
Second Indicator |
Subfields |
| LEADER |
00000pam a2200000 a 4500 |
| 001 |
in00000050021 |
| 005 |
20151007075952.0 |
| 008 |
801203s1981 nyuacf 00010bengm |
| 010 |
|
|
|a 80027819
|
| 020 |
|
|
|a 069811082X
|
| 035 |
|
|
|a (OCoLC)07170169
|
| 035 |
|
|
|9 AAF4069AM
|
| 040 |
|
|
|a DLC
|c DLC
|d m.c.
|d TXA
|d UtOrBLW
|
| 043 |
|
|
|a n-us---
|
| 049 |
|
|
|a TXAM
|c [1561677]
|
| 050 |
0 |
0 |
|a GV1132 L42
|b G64 1981
|
| 082 |
0 |
|
|a 796.8/3/0924
|a B
|2 19
|
| 100 |
1 |
|
|a Goldstein, Alan.
|
| 245 |
1 |
2 |
|a A fistful of Sugar /
|c Alan Goldstein.
|
| 264 |
|
1 |
|a New York :
|b Coward, McCann & Geoghegan,
|c [1981]
|
| 264 |
|
4 |
|c ©1981
|
| 300 |
|
|
|a 299 pages, 8 unnumbered pages of plates :
|b illustrations, portraits ;
|c 23 cm.
|
| 336 |
|
|
|a text
|b txt
|2 rdacontent
|
| 337 |
|
|
|a unmediated
|b n
|2 rdamedia
|
| 338 |
|
|
|a volume
|b nc
|2 rdacarrier
|
| 600 |
1 |
0 |
|a Leonard, Sugar Ray.
|
| 650 |
|
0 |
|a Boxers (Sports)
|z United States
|v Biography.
|
| 999 |
|
|
|a MARS
|
| 999 |
f |
f |
|s aceeef9f-df4a-3aa0-a3b4-db41d98bd845
|i c6a796ac-a491-3475-92d1-496adb95d9d0
|t 0
|
| 952 |
f |
f |
|p noncirc
|a Texas A&M University
|b College Station
|c Cushing Memorial Library & Archives
|d Cushing: Literature/Mitchell (Does not check out)
|t 0
|e GV1132 L42 G64 1981
|h Library of Congress classification
|i unmediated -- volume
|m A14853254324
|
| 952 |
f |
f |
|p ric
|a Texas A&M University
|b Rellis Campus
|c Joint Library Facility
|d Remote Storage
|t 0
|e GV1132 L42 G64 1981
|h Library of Congress classification
|i unmediated -- volume
|m A14805944484
|
| 998 |
f |
f |
|a GV1132 L42 G64 1981
|t 0
|l Remote Storage
|
| 998 |
f |
f |
|a GV1132 L42 G64 1981
|t 0
|l Cushing: Literature/Mitchell (Does not check out)
|